00789nam a2200193 i 450000100060000000300090000600500170001500700030003200800410003510000410007624501620011726000510027930000210033070000370035171000360038885200320042499900170045695201220047340633ES-MaACL20230906160256.0t|030306s1963 sp ||||1| spa d1 aCarreres Zacarés, Salvador.93569614aLos jurados de Valencia y Luis de Santángel b: notas sobre política económica / cSalvador Carreres Zacarés ; prólogo de José Matínez Ortíz. aValencia : bAyuntamiento de Valencia, c1963. a11 p. ; c18 cm.1 aMartínez Ortiz, José.9782911 aValencia. bAyuntamiento.97531 aES-MaACLjC-24947 bR.52846 c40633d40633 00104070aATENEOMbATENEOMcDEPO2d2008-01-17eSCl0oC-24947p1042778r2023-02-23 00:00:00w2023-02-23yMONOGRAFIA